000 00690nam a2200217 a 4500
001 000023354
005 20200930022148.0
008 101202s1967 sp 000 p spa d
040 _aDO-SdBNP
_bspa
_cBNPHU
082 _a863.6
_bP745e
245 0 0 _aPoesía elegíaca española /
_cselección, introducción y notas de Bruce W. Wardropper.
260 _aMadrid :
_bAnaya,
_c1967.
300 _a173 p. ;
_c17 cm.
490 1 _aBiblioteca Anaya
_v80
500 _aIncluye notas al pie de páginas
650 4 _aPoesía española
_9631
650 4 _aLiteratura española
_9632
700 1 _aWardropper, Bruce W.,
_eintrod.
_916788
830 0 _aBiblioteca Anaya ;
_v80
_98674
049 _aBNGR
999 _c22851
_d22851